000 00519nam a22001695i 4500
001 154856
003 ES-MaACL
005 20230906205859.0
008 040714s1896 po |||| | por d
040 _aCAM
_bspa
_cCAM
100 1 _aJunqueiro, Guerra (
_d1850-1923)
_960518
245 1 0 _aPatria /
_cGuerra Junqueiro.
250 _a2ยช ed.
260 _aPorto :
_bLivraria Chardron,
_c1896 (
_fImprensa Moderna)
300 _a232 p. ;
_c18 cm.
852 _aES-MaACL
_jD-1308
_z-- Enc. hol. conservando la cub. original
999 _c154856
_d154856